[Event "Dieren op"]
[Site "Dieren"]
[Date "2023.08.03"]
[Round "9"]
[White "Bakija, Alan"]
[Black "Evengroen, Jan"]
[Result "1/2-1/2"]
[WhiteElo "2089"]
[BlackElo "2112"]
[PlyCount "28"]
[EventDate "2023.07.25"]
[EventType "swiss"]
[EventRounds "9"]
[EventCountry "NED"]
[SourceTitle "CBM 215 Extra"]
[Source "ChessBase"]
[SourceDate "2023.09.30"]
[SourceVersion "1"]
[SourceVersionDate "2023.09.30"]
[SourceQuality "1"]

1. c4 e6 2. g3 d5 3. Bg2 Nf6 4. Nf3 Be7 5. 0-0 0-0 6. b3 c5 7. cxd5 Nxd5 8. Bb2 Nc6 9. d4 cxd4 10. Nxd4 Bd7 11. Bxd5 exd5 12. Nxc6 Bxc6 13. Bd4 Re8 14. Nc3 Bb4 1/2-1/2

[Event "Dieren op"]
[Site "Dieren"]
[Date "2023.07.26"]
[Round "2"]
[White "Brouwer, Mason"]
[Black "Evengroen, Jan"]
[Result "0-1"]
[WhiteElo "1990"]
[BlackElo "2112"]
[PlyCount "70"]
[EventDate "2023.07.25"]
[EventType "swiss"]
[EventRounds "9"]
[EventCountry "NED"]
[SourceTitle "CBM 215 Extra"]
[Source "ChessBase"]
[SourceDate "2023.09.30"]
[SourceVersion "1"]
[SourceVersionDate "2023.09.30"]
[SourceQuality "1"]

1. e4 e6 2. d4 d5 3. Nc3 Bb4 4. Nge2 dxe4 5. a3 Be7 6. Nxe4 b6 7. Be3 Bb7 8. N4g3 h5 9. Nc3 h4 10. Nge2 Nf6 11. Qd2 Nc6 12. 0-0-0 Na5 13. Nf4 Ng4 14. d5 e5 15. Bb5+ Kf8 16. Nh3 a6 17. Be2 Nxe3 18. fxe3 Bc8 19. Nf2 b5 20. Nce4 Nc4 21. Bxc4 bxc4 22. g4 Rh6 23. Qc3 Rb6 24. Qxc4 Rab8 25. Rd3 Rxb2 26. Nd2 Bd7 27. Rc3 Bb5 28. Qxc7 Qxc7 29. Rxc7 Bxa3 30. Nb1 Rxb1+ 31. Kxb1 Bc4+ 32. Ka1 Bb2+ 33. Kb1 Bd4+ 34. Kc1 Bxe3+ 35. Kd1 Rb1# 0-1

[Event "Dieren op"]
[Site "Dieren"]
[Date "2018.07.26"]
[Round "3"]
[White "Van Osch, Mees"]
[Black "Evengroen, Jan"]
[Result "1-0"]
[WhiteElo "2324"]
[BlackElo "2114"]
[PlyCount "81"]
[EventDate "2018.07.24"]
[EventType "tourn"]
[EventRounds "9"]
[EventCountry "NED"]
[SourceTitle "CBM 185 Extra"]
[Source "ChessBase"]
[SourceDate "2018.07.29"]
[SourceVersion "1"]
[SourceVersionDate "2018.07.29"]
[SourceQuality "1"]

1. e4 e6 2. d4 d5 3. Nc3 Bb4 4. e5 c5 5. Bd2 Ne7 6. a3 Bxc3 7. Bxc3 b6 8. Bb5+ Bd7 9. Bd3 Nbc6 10. f4 cxd4 11. Bd2 Nf5 12. Nf3 h5 13. Qe2 g6 14. 0-0 h4 15. b4 b5 16. Qf2 Qb6 17. Bxf5 gxf5 18. Nxh4 d3 19. Nf3 Qxf2+ 20. Kxf2 dxc2 21. Ra2 Ne7 22. Rxc2 Rc8 23. Rxc8+ Bxc8 24. Rc1 Bd7 25. Be3 Nc6 26. Bc5 Rh6 27. Bd4 Kd8 28. h3 Nxd4 29. Nxd4 f6 30. Nf3 Be8 31. exf6 Rxf6 32. Ne5 Rh6 33. Rc3 Rh7 34. g4 fxg4 35. hxg4 Rh2+ 36. Kg3 Rh1 37. g5 Ke7 38. Rc7+ Kd6 39. Rc8 Bd7 40. Rd8 Rh7 41. g6 1-0

[Event "Dieren op"]
[Site "Dieren"]
[Date "2016.07.27"]
[Round "2"]
[White "Evengroen, Jan"]
[Black "Bus, Tom"]
[Result "0-1"]
[WhiteElo "2097"]
[BlackElo "2226"]
[PlyCount "78"]
[EventDate "2016.07.26"]
[EventType "swiss"]
[EventRounds "9"]
[EventCountry "NED"]
[SourceTitle "CBM 173 Extra"]
[Source "ChessBase"]
[SourceDate "2016.08.29"]
[SourceVersion "1"]
[SourceVersionDate "2016.08.29"]
[SourceQuality "1"]

1. e4 c5 2. Nf3 d6 3. d4 cxd4 4. Nxd4 Nf6 5. Nc3 Nc6 6. Be3 Ng4 7. Bb5 Nxe3 8. fxe3 Bd7 9. 0-0 e6 10. Bxc6 bxc6 11. Qf3 Qf6 12. Qe2 Qg5 13. Qf3 Qf6 14. Qe2 Qg5 15. Qf3 Qg6 16. e5 d5 17. Qe2 Be7 18. Qa6 0-0 19. Qb7 Bg5 20. Rf3 c5 21. Qxd7 cxd4 22. exd4 Qxc2 23. Raf1 Qd2 24. Nb5 Qe2 25. h4 Rad8 26. Qxa7 Be3+ 27. Kh2 Qxb5 28. Rxf7 Bh6 29. R1f2 Qd3 30. g4 Qe4 31. Kg3 Be3 32. R2f3 Bxd4 33. Rxg7+ Kh8 34. Rxh7+ Qxh7 35. Qxd4 Rxf3+ 36. Kxf3 Qxh4 37. Qf4 Kg7 38. Ke2 Rf8 39. Qe3 Qxg4+ 0-1

[Event "Rotterdam Pathena op"]
[Site "Rotterdam"]
[Date "2015.05.08"]
[Round "7"]
[White "Mensing, Andrew"]
[Black "Evengroen, Jan"]
[Result "0-1"]
[WhiteElo "1882"]
[BlackElo "2113"]
[PlyCount "54"]
[EventDate "2015.05.02"]
[EventType "swiss"]
[EventRounds "7"]
[EventCountry "NED"]
[SourceTitle "CBM 166 Extra"]
[Source "ChessBase"]
[SourceDate "2015.06.18"]
[SourceVersion "1"]
[SourceVersionDate "2015.06.18"]
[SourceQuality "1"]

1. e4 e6 2. d4 d5 3. Nc3 Bb4 4. e5 c5 5. a3 Bxc3+ 6. bxc3 Ne7 7. Nf3 Nbc6 8. a4 Qa5 9. Bd2 Bd7 10. Bb5 Qc7 11. Bd3 f6 12. exf6 gxf6 13. 0-0 0-0-0 14. Re1 Rdg8 15. Qc1 e5 16. dxe5 Bg4 17. Be2 fxe5 18. Ng5 h5 19. f4 e4 20. c4 Nd4 21. Bxg4+ hxg4 22. cxd5 Rxg5 23. c4 Nef5 24. Qa3 Rgh5 25. Rxe4 Rxh2 26. Re8+ Rxe8 27. Kxh2 Ne2 0-1

[Event "Rotterdam Pathena op"]
[Site "Rotterdam"]
[Date "2015.05.02"]
[Round "1"]
[White "Evengroen, Jan"]
[Black "Sijabat, Evi"]
[Result "1-0"]
[WhiteElo "2113"]
[BlackElo "1403"]
[PlyCount "74"]
[EventDate "2015.05.02"]
[EventType "swiss"]
[EventRounds "7"]
[EventCountry "NED"]
[SourceTitle "CBM 166 Extra"]
[Source "ChessBase"]
[SourceDate "2015.06.18"]
[SourceVersion "1"]
[SourceVersionDate "2015.06.18"]
[SourceQuality "1"]

1. e4 e5 2. Nf3 Nc6 3. d4 exd4 4. Bc4 Be7 5. Nxd4 d6 6. Nc3 Bf6 7. Be3 Nge7 8. 0-0 0-0 9. f4 Nxd4 10. Bxd4 Nc6 11. Bxf6 Qxf6 12. Nd5 Qd8 13. Qh5 Be6 14. f5 Bxd5 15. Bxd5 Qf6 16. c3 Rab8 17. Rf4 Ne5 18. Raf1 c6 19. Bb3 Nd3 20. Rh4 Qh6 21. Qxh6 gxh6 22. Rf3 Nc5 23. Rfh3 Kg7 24. Bc2 f6 25. b4 Nd7 26. Rg3+ Kf7 27. Bb3+ Ke8 28. Rxh6 Rh8 29. Rg7 Rf8 30. Rhxh7 Ne5 31. h4 a6 32. h5 b5 33. h6 c5 34. Bd5 cxb4 35. cxb4 Rb6 36. Ra7 Rb8 37. Rhg7 Rd8 1-0

[Event "Dieren op"]
[Site "Dieren"]
[Date "2013.07.30"]
[Round "7"]
[White "Evengroen, Jan"]
[Black "Bollen, Guus"]
[Result "1-0"]
[WhiteElo "2066"]
[BlackElo "2013"]
[PlyCount "97"]
[EventDate "2013.07.23"]
[EventType "swiss"]
[EventRounds "9"]
[EventCountry "NED"]
[SourceTitle "EXT 2015"]
[Source "ChessBase"]
[SourceDate "2014.11.20"]
[SourceVersion "1"]
[SourceVersionDate "2014.11.20"]
[SourceQuality "1"]

1. e4 c5 2. Nf3 d6 3. d4 cxd4 4. Nxd4 Nf6 5. Nc3 a6 6. Be3 e5 7. Nb3 Be6 8. Nd5 Bxd5 9. exd5 Nbd7 10. c4 g6 11. Be2 Ne4 12. f3 Nec5 13. 0-0 f5 14. Qd2 b6 15. Rfe1 Bg7 16. Bg5 Bf6 17. Bh6 f4 18. Bd1 Kf7 19. Bc2 Bh4 20. Re2 Nxb3 21. axb3 Re8 22. Kh1 Qf6 23. Rf1 g5 24. g3 Qxh6 25. gxh4 Qxh4 26. Bf5 Nc5 27. Rg2 Qh6 28. Rfg1 Nxb3 29. Be6+ Kf6 30. Qb4 Nd4 31. Qxd6 Nxe6 32. Rxg5 Qxg5 33. Rxg5 Kxg5 34. Qxe5+ Kg6 35. dxe6 Ra7 36. h4 h6 37. h5+ Kh7 38. Qf5+ Kh8 39. Qf6+ Rg7 40. Qxh6+ Kg8 41. Qf6 Kh7 42. h6 Rgg8 43. e7 a5 44. Kh2 a4 45. Kh3 b5 46. cxb5 Rc8 47. Kh4 Rc1 48. Qf7+ Kxh6 49. Qxf4+ 1-0

[Event "Dieren op"]
[Site "Dieren"]
[Date "2013.07.24"]
[Round "2"]
[White "Evengroen, Jan"]
[Black "Hachijan, Armen"]
[Result "0-1"]
[WhiteElo "2066"]
[BlackElo "2214"]
[PlyCount "74"]
[EventDate "2013.07.23"]
[EventType "swiss"]
[EventRounds "9"]
[EventCountry "NED"]
[SourceTitle "EXT 2015"]
[Source "ChessBase"]
[SourceDate "2014.11.20"]
[SourceVersion "1"]
[SourceVersionDate "2014.11.20"]
[SourceQuality "1"]

1. e4 c5 2. Nf3 d6 3. d4 cxd4 4. Nxd4 Nf6 5. Nc3 a6 6. Be3 e6 7. Be2 Be7 8. a4 Nc6 9. 0-0 0-0 10. f4 Qc7 11. a5 Nxa5 12. e5 dxe5 13. fxe5 Qxe5 14. Bf4 Qc5 15. Na4 Qa7 16. Kh1 Nd5 17. Bc1 Bf6 18. Rxf6 Nxf6 19. Be3 Nc6 20. Nf5 Qb8 21. Nxg7 Kxg7 22. Nb6 Nd5 23. Ra3 Nxe3 24. Rxe3 Ne7 25. Qd4+ f6 26. Bd3 Ng6 27. Rg3 e5 28. Qc5 Be6 29. Qe7+ Bf7 30. Nxa8 Qxa8 31. h4 Re8 32. Qb4 Kh8 33. h5 Nf4 34. Qe4 Nxd3 35. Qf5 Qd8 36. Rxd3 Qe7 37. h6 Bg6 0-1